Didáctica y desarrollo de la educación física
Guardat en:
| Autors principals: | , |
|---|---|
| Format: | Llibre |
| Idioma: | espanyol |
| Publicat: |
Buenos Aires
Kapelusz
1975
|
| Col·lecció: | Colección de educación física
|
| Matèries: | |
| Etiquetes: |
Afegir etiqueta
Sense etiquetes, Sigues el primer a etiquetar aquest registre!
|
MARC
| LEADER | 00000nam a2200000 a 4500 | ||
|---|---|---|---|
| 001 | UCY8609 | ||
| 003 | CL-VaPUC | ||
| 008 | 950703e19750400AG |||||||||||||||||spa|d | ||
| 082 | 0 | 4 | |a 372.86 |b BIL |2 21 |
| 100 | 0 | |a Bilbrough, A |e author |9 340142 | |
| 700 | 0 | |a Jones, Percy |e author |9 340143 | |
| 245 | 1 | 0 | |a Didáctica y desarrollo de la educación física |
| 300 | |a 205 p | ||
| 942 | |c BK | ||
| 945 | |d 19950703 00:00:00 |a cmena | ||
| 260 | |a Buenos Aires |b Kapelusz |c 1975 | ||
| 650 | 0 | |a Educación física |9 240893 | |
| 650 | 7 | |a DEPORTE |2 CL-VaPUC |9 340144 | |
| 650 | 0 | |a Enseñanza |9 256457 | |
| 650 | 7 | |a GUIAS PEDAGOGICAS |2 CL-VaPUC |9 340145 | |
| 650 | 0 | |a Planificación de la educación |9 307333 | |
| 650 | 0 | |a Métodos de enseñanza |9 270413 | |
| 650 | 0 | |a Sociedad contemporánea |9 337179 | |
| 583 | |a last modification |c 19950703 00:00:00 |k Rodrigo Vera | ||
| 490 | 0 | |a Colección de educación física | |
| 999 | |c 235838 |d 235836 | ||
| 952 | |0 0 |1 0 |4 0 |6 372_860000000000000_BIL_1975 |7 0 |8 P |9 243503 |a BIBEDU |b BIBEDU |c BIBEDU_PB |d 2019-11-18 |i 1526448 |o 372.86 BIL 1975 |p 1526448 |r 2024-01-25 |w 2019-11-18 |y BK |k EDU | ||
| 952 | |0 0 |1 0 |4 0 |6 372_860000000000000_BIL_1975 |7 0 |8 P |9 243504 |a BIBEDU |b BIBEDU |c BIBEDU_PB |d 2019-11-18 |i 1526456 |o 372.86 BIL 1975 |p 1526456 |r 2024-01-25 |w 2019-11-18 |y BK |k EDU | ||